000 00537nam a22001817a 4500
005 20251108174754.0
008 250721s2008 xx 000 0 ara d
082 1 4 _a158.4/فقي
100 1 _aالفقي، ابراهيم
_eمؤلف
245 1 0 _aسحر القيادة كيف تصبح قائدا فعالا /
264 1 _aالقاهرة :
_bدار أجيال للنشر،
_c2008.
300 _a127ص.
650 1 7 _aعلم النفس
650 1 7 _aالقيادة
650 1 7 _aالنجاح
942 _2ddc
_cBK
999 _c117612
_d117612